Cantoni della Svizzera - Statistics

Statistiche generali
  • Questo quiz è stato fatto 2.620 volte
  • Il punteggio medio è 18 su 26
Risposte nella Mappa
Le risposte nella mappa del quiz sottostante sono codificate secondo una scala di colori dal rosso al verde in base alla % di persone che hanno risposto correttamente.
 
Statistiche sulle risposte
cantone % Corretto
Ticino
97%
Berna
90%
Ginevra
89%
Zurigo
88%
Grigioni
85%
Vallese
74%
Basilea Città
73%
San Gallo
73%
Basilea Campagna
71%
Uri
71%
Lucerna
70%
Vaud
68%
Neuchâtel
67%
Zugo
67%
Appenzello Esterno
65%
Appenzello Interno
65%
Friburgo
64%
Argovia
61%
Svitto
59%
Giura
58%
Sciaffusa
58%
Turgovia
55%
Soletta
54%
Glarona
48%
Obvaldo
43%
Nidvaldo
42%
Nessun quiz corrispondente trovato
Distribuzione punteggi
Percentuale di utenti per punteggio
Percentile per numero di risposta
I tuoi punteggi nel tempo
Non hai fatto questo quiz